Statistiques concernant Les présidents français et américains morts en cours de mandat

Cliquez ici pour prendre le quiz!

Statistiques générales

  • Ce quiz a été pris 41 fois
  • Le résultat moyen est 7 sur 12

Statistiques - réponses

NationalitéDatesPrénom(s)Nom% Correct
Américain1917-1963John FitzgeraldKennedy
95%
Américain1809-1865AbrahamLincoln
95%
Français1911-1974Georges Jean RaymondPompidou
87%
Français1841-1899François FélixFaure
82%
Américain1882-1945Frankilin DelanoRoosevelt
82%
Français1837-1894Marie François SadiCarnot
74%
Français1857-1932Joseph Athanase dit PaulDoumer
51%
Américain1784-1850ZacharyTaylor
31%
Américain1831-1881James AbramGarfield
28%
Américain1843-1901WilliamMcKinley
26%
Américain1865-1923William GamalielHarding
23%
Américain1773-1841William HenryHarrison
23%

Distribution des résultats

Percentile par nombre de réponses

% des personnes avec chaque résultat

Votre développement - résultats

Vous n’avez pas pris ce quiz